000 00758nam a2200217 i 4500
001 91707
003 ES-MaACL
005 20250809063510.0
007 t|
008 050208s2000 sp ||||1| spa d
080 _a929 Matamoros, Manuel
100 1 _aVilar, Juan Bautista,
_d1941-2018
_9114797
245 1 0 _aPor los caminos del exilio
_b: cartas de Manuel Matamoros a la poetisa y novelista francesa Elisabeth Sophie Gallot (1863-1865) /
_cJuan B. Vilar.
260 _a[S.l. :
_bs.n.],
_c2000.
300 _ap. [215]-228 ;
_c21 cm.
500 _aSeparata de: Trienio, nÂș 35, mayo 2000.
600 1 4 _aMatamoros, Manuel.
_978919
700 1 _aMatamoros, Manuel.
_978919
852 _aES-MaACL
_j2186-F-13
_bR.135352
999 _c91707
_d91707